Colección judicial: (Registro nro. 15132)

Detalles MARC
000 -LEADER
fixed length control field 01324nam a2200241 a 4500
001 - CONTROL NUMBER
control field 000029049
003 - CONTROL NUMBER IDENTIFIER
control field DO-SdBPM
005 - DATE AND TIME OF LATEST TRANSACTION
control field 20260422132806.0
008 - FIXED-LENGTH DATA ELEMENTS--GENERAL INFORMATION
fixed length control field 110413s19982000dr r 001 0 spa d
040 ## - CATALOGING SOURCE
Original cataloging agency DO-SdBPM
Language of cataloging spa
Transcribing agency BPMSU
082 #4 - DEWEY DECIMAL CLASSIFICATION NUMBER
Classification number 348.729302
Item number R426c 1998
Edition number 22
110 2# - MAIN ENTRY--CORPORATE NAME
Corporate name or jurisdiction name as entry element República Dominicana.
Subordinate unit Suprema Corte de Justicia
245 10 - TITLE STATEMENT
Title Colección judicial:
Remainder of title serie "B" Legislación
260 ## - PUBLICATION, DISTRIBUTION, ETC. (IMPRINT)
Place of publication, distribution, etc. Santo Domingo :
Name of publisher, distributor, etc. Suprema Corte de Justicia,
Date of publication, distribution, etc. 1998-2000.
300 ## - PHYSICAL DESCRIPTION
Extent v. ;
Dimensions 22 cm.
490 0# - SERIES STATEMENT
Series statement Judicial
-- Serie "B" legislativa
505 0# - FORMATTED CONTENTS NOTE
Miscellaneous information v. 1.
Title Leyes diversas de interés general 1994-1998 --
Miscellaneous information v. 2.
Title Constitución de la República y leyes diversas de interés general --
Miscellaneous information v.3.
Title Legislación sobre : procedimiento de casación no.3726 ;
-- Divorcio no.1306-bis ;
-- Control de alquileres de casas y desahucios, decreto no.4807 ;
-- Fomento agrícola no. 6186 ;
-- Viajes ilegales no. 344-98 ;
-- Reclusión mayor y reclusión menor no. 46-99 --
Miscellaneous information v. 4.
Title Ley de carrera judicial no. 327-98 ;
-- Ley general de reforma de la empresa pública no.141-97 ;
-- Leyes no. 374-98, 86-99, 80-99 y 114-99.
590 ## - LOCAL NOTE (RLIN)
Local note Inventariado, 2025/VM
650 #4 - SUBJECT ADDED ENTRY--TOPICAL TERM
Topical term or geographic name as entry element Administración de justicia
Geographic subdivision República Dominicana
650 #4 - SUBJECT ADDED ENTRY--TOPICAL TERM
Topical term or geographic name as entry element Leyes
Geographic subdivision República Dominicana
910 ## - USER-OPTION DATA (OCLC)
User-option data VMateo V. Control de calidad. EBPMSU
942 ## - ADDED ENTRY ELEMENTS (KOHA)
Source of classification or shelving scheme Dewey Decimal Classification
Koha item type Libros
Existencias
Withdrawn status Lost status Source of classification or shelving scheme Damaged status Not for loan Collection code Home library Current library Date acquired Total Checkouts Full call number Barcode Date last seen Price effective from Koha item type
    Dewey Decimal Classification     Colección Dominicana Biblioteca Pública Metropolitana Salomé Ureña Biblioteca Pública Metropolitana Salomé Ureña 06/06/2025   BPMSU CD 348.729302 R426c 1998 BPMSU25060018 06/06/2025 06/06/2025 Libros